书目信息 |
| 题名: |
李岚清中国近现代音乐笔谈
|
|
| 作者: | 李岚清 | |
| 分册: | ||
| 出版信息: | 北京 高等教育出版社 2009.03 |
|
| 页数: | 423页 | |
| 开本: | 24cm | |
| 丛书名: | ||
| 单 册: | ||
| 中图分类: | J609.25 | |
| 科图分类: | ||
| 主题词: | 音乐--艺术理论 , 音乐学 , 音乐社会学 | |
| 电子资源: | ||
| ISBN: | 7-04-025507-3 | |
| 000 | 00647nam0 2200217 450 | |
| 001 | 1051483887 | |
| 005 | 20100624142218.43 | |
| 010 | @a7-04-025507-3@dCNY65.00 | |
| 100 | @a20100624d2009 km y0chiy0120 ea | |
| 101 | 0 | @achi |
| 102 | @aCN@b110000 | |
| 200 | 1 | @a李岚清中国近现代音乐笔谈@Ali lan qing zhong guo jin xian dai yin yue bi tan@f李岚清@Fli lan qing |
| 210 | @a北京@c高等教育出版社@d2009.03 | |
| 215 | @a423页@d24cm | |
| 606 | 0 | @a音乐@x艺术理论 |
| 606 | 0 | @a音乐学 |
| 606 | 0 | @a音乐社会学 |
| 690 | @aJ609.25@v4 | |
| 701 | 0 | @a李岚清@Ali lan qing |
| 801 | 0 | @aCN@b大连网信软件有限公司图书馆·11@c20100624 |
| 905 | @aZUCC@dJ609.25@eL200 | |
| 李岚清中国近现代音乐笔谈/李岚清.-北京:高等教育出版社,2009.03 |
| 423页;24cm |
| ISBN 7-04-025507-3:CNY65.00 |
| ● |
| 相关链接 |
|
|
|
正题名:李岚清中国近现代音乐笔谈
索取号:J609.25/L200
 
预约/预借
| 序号 | 登录号 | 条形码 | 馆藏地/架位号 | 状态 | 备注 |
| 1 | 470430 | 204704301 | 自科二线404/404自科库 12排1列3层/ [索取号:J609.25/L200] | 在馆 | |
| 2 | 470431 | 204704310 | 自科二线404/404自科库 15排4列5层/ [索取号:J609.25/L200] | 在馆 | |
| 3 | 470432 | 204704329 | 自科二线404/404自科库 15排4列5层/ [索取号:J609.25/L200] | 在馆 | |
| 4 | 470433 | 204704338 | 社科库309/309社科库 92排1列2层/ [索取号:J609.25/L200] | 在馆 | |
| 5 | 470434 | 204704347 | 自科二线404/404自科库 15排5列5层/ [索取号:J609.25/L200] | 在馆 | |
| 6 | 470435 | 204704356 | 自科二线404/404自科库 15排5列5层/ [索取号:J609.25/L200] | 在馆 | |
| 7 | 470436 | 204704365 | 自科二线404/404自科库 12排1列3层/ [索取号:J609.25/L200] | 在馆 | |
| 8 | 470437 | 204704374 | 自科二线404/404自科库 15排5列5层/ [索取号:J609.25/L200] | 在馆 | |
| 9 | 470438 | 204704383 | 自科二线404/404自科库 15排4列5层/ [索取号:J609.25/L200] | 在馆 | |
| 10 | 470439 | 204704392 | 自科二线404/404自科库 12排1列3层/ [索取号:J609.25/L200] | 在馆 | |
| 11 | 470440 | 204704409 | 社科库309/309社科库 92排1列2层/ [索取号:J609.25/L200] | 在馆 | |
| 12 | 470441 | 204704418 | 自科二线404/404自科库 15排5列5层/ [索取号:J609.25/L200] | 在馆 | |
| 13 | 470442 | 204704427 | 自科二线404/404自科库 15排5列5层/ [索取号:J609.25/L200] | 在馆 | |
| 14 | 470443 | 204704436 | 自科二线404/404自科库 15排4列5层/ [索取号:J609.25/L200] | 在馆 | |
| 15 | 470444 | 204704445 | 自科二线404/404自科库 15排5列5层/ [索取号:J609.25/L200] | 在馆 | |
| 16 | 470445 | 204704454 | 自科二线404/404自科库 12排1列3层/ [索取号:J609.25/L200] | 在馆 | |
| 17 | 470446 | 204704463 | 社科库309/309社科库 92排1列2层/ [索取号:J609.25/L200] | 在馆 | |
| 18 | 470447 | 204704472 | 自科二线404/404自科库 15排4列5层/ [索取号:J609.25/L200] | 在馆 | |
| 19 | 470448 | 204704481 | 自科二线404/404自科库 15排5列5层/ [索取号:J609.25/L200] | 在馆 | |
| 20 | 470449 | 204704490 | 自科二线404/404自科库 15排4列5层/ [索取号:J609.25/L200] | 在馆 |